000 00604nam a2200145Ia 4500
008 100415s9999 xx 000 0 und d
082 _b15503
_a584.9(54558)
100 _aSingh Bakhshish
245 _aManagement of Bamboo Forest Under Jiont Participatory Forest Mangement in Haryana Shivaliks
260 _aNEW DELHI
_c1993
_bHARYANA FOREST DEPARTMENT
365 _b0
630 _aManagement of Bamboo Forest Under Jiont Participatory Forest Mangement in Haryana Shivaliks
730 _aManagement of Bamboo Forest Under Jiont Participatory Forest Mangement in Haryana Shivaliks
942 _cBOOK
999 _c598401
_d598398